CN insight (Record no. 83397)

MARC details
000 -LEADER
fixed length control field 01224cab a22002535a 4500
001 - CONTROL NUMBER
control field L153837
008 - FIXED-LENGTH DATA ELEMENTS--GENERAL INFORMATION
fixed length control field 110913e20110908xxk 000 0 eng d
035 ## - SYSTEM CONTROL NUMBER
System control number (Sirsi) u153837
041 0# - LANGUAGE CODE
Language code of text/sound track or separate title eng
100 1# - MAIN ENTRY--PERSONAL NAME
Personal name Dennis, Sarah
245 00 - TITLE STATEMENT
Title CN insight
Remainder of title the top 100 contractors 2011
260 ## - PUBLICATION, DISTRIBUTION, ETC.
Date of publication, distribution, etc. 2011
490 ## - SERIES STATEMENT
Series statement Construction News
Volume/sequential designation (7232) 8 September 2011, 21-38(18)
520 ## - SUMMARY, ETC.
Summary, etc. Turnover muted in uncertain year for contractors; the top 100 contractors ranked by turnover; housebuilding's players err on the side of caution; top 20 housebuilders; Atkins extends its lead; top 10 engineering consultants; diverse trends for QS firms; top 10 QS consultants; CNinsight 100 solid on debt; highest liquidity ratios and lowest liquidity ratios; specialists hit by uncertainty - but growth is ahead; top 10 scaffolding; top 10 concrete; top 10 M&E; top 10 steel; top 10 piling; top 10 demolition; top 10 building envelope; a drop for directors, remuneration.
590 ## - LOCAL NOTE (RLIN)
Local note KA
651 #4 - SUBJECT ADDED ENTRY--GEOGRAPHIC NAME
Geographic name United Kingdom
Chronological subdivision
690 ## - LOCAL SUBJECT ADDED ENTRY--TOPICAL TERM (OCLC, RLIN)
Topical term or geographic name as entry element BUILT ENVIRONMENT-CONSTRUCTION MARKET
700 1# - ADDED ENTRY--PERSONAL NAME
Personal name Sidders, Jack
700 1# - ADDED ENTRY--PERSONAL NAME
Personal name Baseley, Stewart
700 1# - ADDED ENTRY--PERSONAL NAME
Personal name Lane, Michael
700 1# - ADDED ENTRY--PERSONAL NAME
Personal name Cross, Luke
700 1# - ADDED ENTRY--PERSONAL NAME
Personal name Clark, Lindsay
942 ## - ADDED ENTRY ELEMENTS (KOHA)
Suppress in OPAC 0
Holdings
Withdrawn status Lost status Source of classification or shelving scheme Damaged status Not for loan Home library Current library Shelving location Date acquired Total Checkouts Full call number Barcode Date last seen Copy number Price effective from Koha item type
    Dewey Decimal Classification     London London Journal article 13/09/2011   L153837 153837-1001 06/08/2019 1 06/08/2019 Journal article